[Event "COL-ch U18 Girls"]
[Site "Medellin"]
[Date "2022.06.04"]
[Round "6"]
[White "Ruiz Jaraba, Valentina Sofia"]
[Black "Echavarria, Marilyn Daniela"]
[Result "1-0"]
[WhiteElo "1845"]
[BlackElo "1276"]
[PlyCount "63"]
[EventDate "2022.06.01"]
[EventType "swiss"]
[EventRounds "9"]
[EventCountry "COL"]
[SourceTitle "CBM 208 Extra"]
[Source "ChessBase"]
[SourceDate "2022.07.31"]
[SourceVersion "1"]
[SourceVersionDate "2022.07.31"]
[SourceQuality "1"]

1. e4 d5 2. exd5 Qxd5 3. Nc3 Qa5 4. Bc4 Bf5 5. Nf3 e6 6. d4 Nd7 7. Qe2 c6 8. 0-0 Ngf6 9. Bd2 Bxc2 10. Ng5 Bf5 11. Rae1 Bb4 12. a3 Bxc3 13. Bxc3 Qd8 14. Nxf7 Kxf7 15. Bxe6+ Bxe6 16. Qxe6+ Kf8 17. Bb4+ c5 18. dxc5 a5 19. Qd6+ Kf7 20. Bc3 Ra6 21. Qg3 Nxc5 22. Re5 Ne6 23. Rfe1 Re8 24. Qf3 Qd7 25. g4 Kg8 26. g5 Nd5 27. Rxd5 Qc6 28. Ree5 Rf8 29. Rf5 Raa8 30. Qe3 Rxf5 31. Rxf5 b6 32. h4 1-0

[Event "COL-ch U18 Girls"]
[Site "Medellin"]
[Date "2022.06.02"]
[Round "3"]
[White "Echavarria, Marilyn Daniela"]
[Black "Valencia Quinchia, Isabella"]
[Result "1/2-1/2"]
[WhiteElo "1276"]
[BlackElo "1422"]
[PlyCount "24"]
[EventDate "2022.06.01"]
[EventType "swiss"]
[EventRounds "9"]
[EventCountry "COL"]
[SourceTitle "CBM 208 Extra"]
[Source "ChessBase"]
[SourceDate "2022.07.31"]
[SourceVersion "1"]
[SourceVersionDate "2022.07.31"]
[SourceQuality "1"]

1. d4 Nf6 2. Nf3 g6 3. Bf4 c5 4. e3 b6 5. Be2 Bg7 6. Nbd2 Bb7 7. 0-0 0-0 8. c3 d6 9. Qc2 Nbd7 10. h3 a6 11. a4 Ra7 12. Rfe1 Re8 1/2-1/2